| 000 | 00778nam a22001817a 4500 | ||
|---|---|---|---|
| 999 |
_c80541 _d80541 |
||
| 008 | 201130b ||||| |||| 00| 0 eng d | ||
| 040 |
_bger _cSTAFF _erda _aSTAFF |
||
| 041 | _ager | ||
| 100 | _aWindolff, Daniela: | ||
| 245 |
_aDem Clown vergeht das Lachen: _bPandemie: Der freiberufliche Entertainer Kai Neumeyer, bekannt als Clown Kally, hat durch die Corona-Krise seit Monaten keinen einzigen Auftrag mehr. Hilfen kamen bei ihm bisher nicht an / _cDaniela Windolff |
||
| 650 | _2Frankfurt (Oder) | ||
| 653 | _aPandemie / Covid-19 | ||
| 773 |
_dFrankfurt (Oder): Märkisches Verlags- und Druckhaus GmbH & Co KG _g32. Jahrgang (2021) Nr. 3 vom 05.01.2021, S. 15 _tMärkische Oderzeitung |
||
| 942 | _cA | ||